000
00214 a2200097 4500
001
13544
100
_a
Saletore B.A
245
_a
Ancient Indian
260
_a
India
_b
Asia publishing house
_c
090
_c
10547
_d
10547
942
_a
NUST-CAE
_c
M
_c
611
999
_c
248617
_d
248617